000 01061njm a22002897a 4500
005 2010091801231.0
007 sd ammalaaahaa
008 100913t xxu||||| |||| 00| 0 hin d
028 _a2675 521
_bMusic India
035 _aGR-03542
040 _aSED/VEN
100 _aMasani, Pinaj
_91184
245 _aKehkashaan /
_cby Pinaj Masani ; music by Rahat Ali [and] Usha Tandon
_h[sound recording] :
246 _aकहकशां
260 _aDum Dum India
_bMusic India
_c1983
300 _a1 sound disc [Gramophone record] :
_banalog, 33 1/3 rpm
_c12.5 in. (LP)
_fGramophone Record
500 _aBrief Record
500 _aRecord label :Music India, White
505 _aSide-1 (Jo bhi kehna hai) (Usha Tandon) Side-२ (Raaz-e-ulfat chupa ke dekh liya) (Rahat Ali)
600 _aMasani, Pinaj
_919992
650 _aGhazals
_xExcerpts
_zIndia
_919603
650 _920612
700 _919605
_aRahat Ali
700 _aUsha Tandon
_920637
942 _2ddc
_cGR
999 _c46682
_d46682